Vydarený úvod

Podrobná bibliografia
Hlavný autor: Bobok, Jozef, 1924-2004 (Autor)
Médium: Článok
Jazyk:slovenčina
Predmet:

MARC

LEADER 00000nab a2200000 a 4500
001 vtls010066302
003 SK-MaSNL
005 20260304160011.0
008 250507c1974 xo |r|p|||||||000 b|slo
015 |a SNBRB1974 
035 |a (uuid)7b7713b5-2fe6-4768-a32e-f0ff729809f8 
035 |a urn:nbn:sk:snk-abeuit 
035 |a (urnnbn)urn:nbn:sk:snk:ar-001o51 
038 |a SNKBUCL 
040 |a SNKBUCL  |b slo  |c SNKBUCL  |e AACR2 
041 0 |a slo 
044 |a xo  |c SK 
080 |a 7.097  |2 2001 
100 1 |a Bobok, Jozef,  |d 1924-2004  |4 aut  |9 104720 
245 1 0 |a Vydarený úvod  |c Jozef Bobok 
610 2 7 |a Slovenská televízia  |2 snkbucl  |9 115516 
630 0 7 |a Cena života (televízny film)  |2 snkbucl  |9 1039203 
655 7 |a recenzie  |2 snkbucl  |9 21907 
773 0 |t Slovenské pohľady  |g Roč. 90, č. 7 (1974), s. 149-150 
850 |a Slovenská národná knižnica 
852 |a Slovenská národná knižnica 
958 |a article27 
958 |a RC 
958 |a OND 
958 |a EUIPO 
999 |c 2965000  |d 2966930